Statistiques concernant Culture Générale - Série 1300

Cliquez ici pour prendre le quiz!

Statistiques générales

  • Ce quiz a été pris 69 fois
  • Le résultat moyen est 5 sur 10

Statistiques - réponses

QuestionRéponse% Correct
Quelle actrice américaine a épousé Rainier III, prince de Monaco ?Grace Kelly
78%
Quel studio de cinéma d'Hollywood a pour logo une montagne entourée de 22 étoiles ?Paramount
72%
Quels bateaux participent à la course Regata Storica qui se dispute tous les ans à Venise ?gondoles
60%
Sur les rives de quelle mer se situe Sotchi, site des Jeux olympiques d'hiver de 2014 ?mer Noire
58%
Quel est le nom du chat de Gargamel dans Les Schtroumpfs ?Azraël
55%
Quel est le prénom de l'animateur de l'émission La Méthode Cauet ?Sébastien
55%
Quelle actrice est Coco dans Coco avant Chanel et Camille dans Ensemble, c'est tout ?Audrey Tautou
51%
Quel est le prénom de la grande couturière Coco Chanel ?Gabrielle
38%
À Lyon ou à Mâcon, comment appelle-t-on un passage permettant de rallier deux rues via les cours d'immeuble ?traboule
32%
Quelle chanteuse pop appelle ses fans les « petits monstres » ?Lady Gaga
23%

Distribution des résultats

Percentile par nombre de réponses

% des personnes avec chaque résultat

Votre développement - résultats

Vous n’avez pas pris ce quiz